000 01053 a2200289 4500
005 20260421163543.0
008 260421b |||||||| |||| 00| 0 eng d
020 _a9788198159854 (Part A) (pbk)
037 _cREF
040 _aCRL
_cCRL
041 _2eng
_aeng
084 _aX.95 R3.1-.2 (RR)
_qCRL
100 _aMuthuswamy
245 _aSwamy compilation on reservation ad concessions
260 _aChennai, India:
_bSwamy Publishers,
_c2023.
300 _aPart A (xxii, 1-746p.), Part B (x, 1-1093p.)
365 _bPart A - 1000.00
_cINR
365 _bPart B - 1400.00
_cINR
440 _vPart (A-B)
650 _aEconomics
650 _aEmployment and Service
700 _aBrinda
_eauthor.
_91235303
700 _aSanjeev
_eauthor.
942 _cREF
_2CC
_hX.95 R3.1-.2 (RR)
999 _c1679803
_d1679803